000 01618nam0a2200349 4500
001 RU\NLR\BIBL_A\022701770
005 20260426072401.0
010 _a978-5-94991-755-8
_9500
021 _aRU
_bКН-П-25-072157
_9КН-П-25-6991
035 _a(NLR Aleph) 022701770
090 _a13692754
_c13692754
100 _a20260115d2024 k y0rusy50 ca
101 0 _arus
102 _aRU
105 _aa z 000yy
181 0 _ai
_baxxe
182 0 _an
200 1 _aСозависимость в системе семейных отношений. Результаты научных исследований в местах лишения свободы
_eмонография
_fН. Р. Макух
_gФедеральная служба исполнения наказаний, Вологодский институт права и экономики
203 _aТекст
_bвизуальный
_cнепосредственный
210 _aВологда
_cВИПЭ
_d2024
215 _a94 с.
_cил., табл.
_d20
320 _aБиблиогр.: с.75–88 (136 назв.) и в подстроч. примеч.
606 1 _aЖенщины-осужденные
_xПсихологические исследования
_92255457
_3RU\NLR\AUTH\661352650
606 1 _aСозависимость у женщин
_92518394
_3RU\NLR\AUTH\6601707053
686 1 _aЮ947.1-73
686 1 _aС550.535
686 1 _aЮ949.246
700 1 _aМакух
_bН. О.
_gНаталия Олеговна
942 _cBOOK
980 _aNB